000 00595nam a2200181Ia 4500
008 151018s9999 xx 000 0 und d
082 _bRBASDV60737
_a891.461
100 _aउदय कांबळे
245 _aतुझ्या आठवणीत
250 _b1
260 _b"गवळी प्रकाशन, इस्लामपूर"
_c2013
300 _a48
600 _aउदय कांबळे
630 _aतुझ्या आठवणीत
700 _aउदय कांबळे
730 _aतुझ्या आठवणीत
942 _cBOOK
999 _c1054240
_d1054237